Normal view
MARC view
- Muhammad Arshad, Syed Shahid Hussain, Hamid Dawood
Entry Personal Name
001 - CONTROL NUMBER
- control field: 134072
003 - CONTROL NUMBER IDENTIFIER
- control field: NUST
005 - DATE AND TIME OF LATEST TRANSACTION
- control field: 20260413145009.0
008 - FIXED-LENGTH DATA ELEMENTS
- fixed length control field: 260413|| aca||aabn | a|a d
040 ## - CATALOGING SOURCE
- Original cataloging agency: NUST
- Transcribing agency: NUST
100 ## - HEADING--PERSONAL NAME
- Personal name: Muhammad Arshad, Syed Shahid Hussain, Hamid Dawood
670 ## - SOURCE DATA FOUND
- Source citation: Work cat.: (NUST): Muhammad Arshad, Syed Shahid Hussain, Hamid Dawood., Contribution of Geology of Pakistan /, 2007.
